000 00480nmm a2200157Ia 4500
008 251105s9999||||xx |||||||||||||||||und||
020 _a9789586487610
041 _aspa
100 _aVega, Ignacio
245 0 _aProcesos productivos. Obtenga la máxima rentabilidad (2a. ed.)
264 _a[Bogotá, Colombia] :
_bEcoe Ediciones,
_c2013
300 _a121 páginas
650 _aEconomics and Business
856 _uhttps://public.digitaliapublishing.com/a/70658
942 _cCF
999 _c95374
_d95374